00748naa a2200157 i 45000010005000000030009000050050017000140080041000310400028000721000066001002450087001665380088002537730221003419420013005629990015005759938KOSZ 00520180412102843.0080714s2008 pl fq |000 0 pol  aWA NcWA NdKOSZ 005/HR aŻYWNO, Włodzimierz.bPolitechnika Koszalińskad1996-200910aBadanie elektronicznych elementów półprzewodnikowych /cWłodzimierz Żywno. aWymagania systemowe: IBM PC; Windows 98 lub nowszy; Acrobat Reader; czytnik CD-ROM. iW : tPodstawy elektrotechniki i elektroniki dla nieelektryków. T. 1, Laboratorium. [CD] / pod red. Jerzego Smyczka. -dKoszalin : Wydaw. Uczelniane Politechniki Koszalińskiej, 2008. -gs. 183-206.z9788373651555 2UKDcROZ c9938d9938